000
00258nam a2200097Ia 4500
008
170619s9999 xx 000 0 und d
100
_a
Murthy Robin R
245
0
_a
Resource management in real- time system and networking
260
_b
New Delhi: PHI
260
_c
2005
546
_a
ENGLISH
999
_c
17906
_d
17906